ბათუმის შოთა რუსთაველის სახელმწიფო უნივერსიტეტის ბიბლიოთეკა

Ботаника.Теоретический и практический курс (ბიბ.ჩანაწერი № 45551)

000 -LEADER
fixed length control field 00595nam a2200205Ia 4500
001 - CONTROL NUMBER
control field 12377
003 - CONTROL NUMBER IDENTIFIER
control field GE_BSU
008 - FIXED-LENGTH DATA ELEMENTS--GENERAL INFORMATION
fixed length control field 181216s||||||||xx |||||||||||||| ||und||
040 ## - CATALOGING SOURCE
Transcribing agency GE_BSU
080 ## - UNIVERSAL DECIMAL CLASSIFICATION NUMBER
Universal Decimal Classification number 58(075.32)
100 ## - MAIN ENTRY--PERSONAL NAME
Personal name Исаин,В.Н.
245 ## - TITLE STATEMENT
Title Ботаника.Теоретический и практический курс
245 ## - TITLE STATEMENT
Statement of responsibility, etc. Ред.М.Г.Быкова
260 ## - PUBLICATION, DISTRIBUTION, ETC.
Place of publication, distribution, etc. Москва
260 ## - PUBLICATION, DISTRIBUTION, ETC.
Name of publisher, distributor, etc. Колос
260 ## - PUBLICATION, DISTRIBUTION, ETC.
Date of publication, distribution, etc. 1966
300 ## - PHYSICAL DESCRIPTION
Extent 519стр.22см.
653 ## - INDEX TERM--UNCONTROLLED
Uncontrolled term Ботаника.Теоретический и практический курс
942 ## - ADDED ENTRY ELEMENTS (KOHA)
Koha item type წიგნი
ეგზემპლარები
Withdrawn status Lost status Damaged status Not for loan Date acquired Barcode Date last seen Price effective from Koha item type
        2018-12-17 20411 2018-12-17 2018-12-17 წიგნი